00194nam a2200061Ia 4500245005200000100003900052008004100091 0aMulticultural education : an educator's manual  a Lemmer, Eleanor Pretoria, 2006 210817s9999 xx 000 0 und d